National Security Intelligence and Ethics (Record no. 64305)

MARC details
000 -LEADER
fixed length control field 02092nam a2200265Ii 4500
008 - FIXED-LENGTH DATA ELEMENTS--GENERAL INFORMATION
fixed length control field 221202s xx 000 0 und d
245 #0 - TITLE STATEMENT
Title National Security Intelligence and Ethics
264 ## - PRODUCTION, PUBLICATION, DISTRIBUTION, MANUFACTURE, AND COPYRIGHT NOTICE
Name of producer, publisher, distributor, manufacturer Taylor & Francis
Date of production, publication, distribution, manufacture, or copyright notice 2022
300 ## - PHYSICAL DESCRIPTION
Extent 1 online resource (336 pages)
336 ## - CONTENT TYPE
Content type term text
Content type code txt
Source rdacontent
337 ## - MEDIA TYPE
Media type term computer
Media type code c
Source rdamedia
338 ## - CARRIER TYPE
Carrier type term online resource
Carrier type code cr
Source rdacarrier
490 ## - SERIES STATEMENT
Series statement Studies in Intelligence
520 ## - SUMMARY, ETC.
Summary, etc. This volume examines the ethical issues that arise as a result of national security intelligence collection and analysis. Powerful new technologies enable the collection, communication, and analysis of national security data on an unprecedented scale. Data collection now plays a central role in intelligence practice, yet this development raises a host of ethical and national security problems, such as: privacy; autonomy; threats to national security and democracy by foreign states; and accountability for liberal democracies. This volume provides a comprehensive set of in-depth ethical analyses of these problems by combining contributions from both ethics scholars and intelligence practitioners. It provides the reader with a practical understanding of relevant operations, the issues that they raise, and analysis of how responses to these issues can be informed by a commitment to liberal democratic values. This combination of perspectives is crucial in providing an informed appreciation of ethical challenges that is also grounded in the realities of the practice of intelligence. This book will be of great interest to all students of intelligence studies, ethics, security studies, foreign policy, and International Relations.
653 ## - INDEX TERM--UNCONTROLLED
Uncontrolled term Analyst Culture
653 ## - INDEX TERM--UNCONTROLLED
Uncontrolled term David Omand
653 ## - INDEX TERM--UNCONTROLLED
Uncontrolled term Ethics
653 ## - INDEX TERM--UNCONTROLLED
Uncontrolled term Intelligence Operations
653 ## - INDEX TERM--UNCONTROLLED
Uncontrolled term Liberal Democratic Values
700 1# - ADDED ENTRY--PERSONAL NAME
Personal name Miller, Seumas
700 1# - ADDED ENTRY--PERSONAL NAME
Personal name Regan, Mitt
700 1# - ADDED ENTRY--PERSONAL NAME
Personal name Walsh, Patrick F.
856 ## - ELECTRONIC LOCATION AND ACCESS
Uniform Resource Identifier <a href="https://library.oapen.org/bitstream/20.500.12657/51191/1/9781000504422.pdfhttps://library.oapen.org/handle/20.500.12657/51191">https://library.oapen.org/bitstream/20.500.12657/51191/1/9781000504422.pdfhttps://library.oapen.org/handle/20.500.12657/51191</a>
942 ## - ADDED ENTRY ELEMENTS (KOHA)
Koha item type E-Book
Holdings
Withdrawn status Damaged status Not for loan Home library Current library Date acquired Total Checkouts Date last seen Price effective from Koha item type
      Directory of Open Access Books Directory of Open Access Books 11/28/2022   11/28/2022 11/28/2022 E-Book

University of Rizal System
Email us at univlibservices@urs.edu.ph

Visit our Website www.urs.edu.ph/library